Edfu : Studien zu Ikonographie, Textgestaltung, Schriftsystem, Grammatik und Baugeschichte /

محفوظ في:

مؤلفون آخرون: Kurth, Dieter., Derchain-Urtel, Maria Theresia., Felber, Heinz.

التنسيق: كتاب

اللغة: German

منشور في: Wiesbaden : O. Harrassowitz, 1990.

سلاسل: Inschriften des Tempels von Edfu. Begleithefte ; 1.

الموضوعات:

الوسوم: إضافة وسم

لا توجد وسوم, كن أول من يضع وسما على هذه التسجيلة!

رقم الطلب: PJ1526 .E2 I33 v.1

LEADER 01212nam a22002777a 4500
003 OSt
005 20251020094552.0
008 251020t1990 gw b 000 0 ger d
020 |a 9783447029995 
040 |c ARCE Library 
050 1 4 |a PJ1526 .E2  |b I33 v.1 
245 0 0 |a Edfu :   |b Studien zu Ikonographie, Textgestaltung, Schriftsystem, Grammatik und Baugeschichte /   |c herausgegeben von Dieter Kurth. 
264 1 |a Wiesbaden :   |b O. Harrassowitz,   |c 1990. 
300 |a viii, 83 pages ;   |c 24 cm. 
490 0 |a Inschriften des Tempels von Edfu. Begleithefte ;   |v 1. 
504 |a Includes bibliographical references. 
505 0 |a Die Krone und ihre Nebenformen / Maria-Theresia Derchain-Urtel Anmerkungen zum Aufbau der göttlichen Randzeile jw.tj m ḥtp ; Mischschreibungen / Heinz Felber Zur Phonetik ; Zum Schriftsystem ; Das 53. Regierungsjahr Ptolemäus XII. / Dieter Kurth. 
546 |a German and Egyptian (hieroglyphics and/or roman). 
610 2 0 |a Temple of Horus (Idfū, Egypt) 
650 0 |a Inscriptions, Egyptian -- Egypt -- Idfū. 
700 1 |a Kurth, Dieter.  
700 1 |a Derchain-Urtel, Maria Theresia. 
700 1 |a Felber, Heinz. 
901 |a reviewed 
942 |2 lcc  |c BK 
999 |c 50125  |d 50125